Die Italienerin in Algier Ouvertüre : [Violine : Klavier] : Klavierbegleitung zur Violin-Ausgabe 05596 /
| Main Author: | Rossini, Gioacchino, 1792-1868 |
|---|---|
| Other Authors: | Richter, Franz Richard, 1884- |
| Language: | No linguistic content |
| Published: |
Mainz : B. Schott's Söhne, [1912?] |
| Series: |
Edition Schott Einzel-Ausgabe
|
| Physical Description: |
1 partitura (11 s.) |
| LEADER | 00996ncm a22002412a 4500 | ||
|---|---|---|---|
| 001 | 001290748 | ||
| 003 | CZ BrMZK | ||
| 005 | 20130503081239.0 | ||
| 007 | qu | ||
| 008 | 130502s1912 gw |||||||||||||||||zxx d | ||
| 040 | |a BOA001 |b cze | ||
| 072 | 7 | |a 787 |x Hudba pro strunné a smyčcové nástroje |2 Konspekt |9 9 | |
| 100 | 1 | |a Rossini, Gioacchino, |d 1792-1868 |7 jn19990007165 |4 cmp | |
| 245 | 1 | 4 | |a Die Italienerin in Algier |h [hudebnina] : |b Ouvertüre : [Violine : Klavier] : Klavierbegleitung zur Violin-Ausgabe 05596 / |c G. Rossini ; für Violine und Klavier bearbeitet von F.R. Richter |
| 260 | |a Mainz : |b B. Schott's Söhne, |c [1912?] | ||
| 300 | |a 1 partitura (11 s.) | ||
| 490 | 1 | |a Edition Schott Einzel-Ausgabe ; |v 05597/1/2 | |
| 700 | 1 | |a Richter, Franz Richard, |d 1884- |7 mzk2011655296 |4 arr | |
| 830 | 0 | |a Edition Schott Einzel-Ausgabe | |
| 910 | |a BOA001 |b Mus4-0484.924 | ||
| 990 | |a MU | ||
| 991 | |b 201305 | ||
| 996 | 6 | |b 2619467054 |c Mus4-0484.924 |l MZK |r Sklad / do 1 hodiny |n 0 |w 001325433 |u 000010 |a 1 |e BOA001 |j MZK50 |s P | |
English
Čeština 